<?xml version="1.0" encoding="UTF-8"?>
<record
    xmlns:xsi="http://www.w3.org/2001/XMLSchema-instance"
    xsi:schemaLocation="http://www.loc.gov/MARC21/slim http://www.loc.gov/standards/marcxml/schema/MARC21slim.xsd"
    xmlns="http://www.loc.gov/MARC21/slim">

  <leader>00418nam a22001697a 4500</leader>
  <controlfield tag="003">OSt</controlfield>
  <controlfield tag="008">240427b        |||||||| |||| 00| 0 eng d</controlfield>
  <datafield tag="020" ind1=" " ind2=" ">
    <subfield code="a">9789353502898</subfield>
  </datafield>
  <datafield tag="082" ind1=" " ind2=" ">
    <subfield code="a">005.133 LAF</subfield>
  </datafield>
  <datafield tag="100" ind1=" " ind2=" ">
    <subfield code="a">LAMBERT, Kenneth A.</subfield>
  </datafield>
  <datafield tag="245" ind1=" " ind2=" ">
    <subfield code="a">Fundamentals of Python : First Programs with MindTap</subfield>
  </datafield>
  <datafield tag="250" ind1=" " ind2=" ">
    <subfield code="a">2nd. ed.</subfield>
  </datafield>
  <datafield tag="260" ind1=" " ind2=" ">
    <subfield code="a">Delhi,</subfield>
    <subfield code="b">Cengage,</subfield>
    <subfield code="c">2022</subfield>
  </datafield>
  <datafield tag="300" ind1=" " ind2=" ">
    <subfield code="a">476 p.</subfield>
  </datafield>
  <datafield tag="650" ind1=" " ind2=" ">
    <subfield code="a">CSE</subfield>
  </datafield>
  <datafield tag="942" ind1=" " ind2=" ">
    <subfield code="2">ddc</subfield>
    <subfield code="c">BK</subfield>
  </datafield>
  <datafield tag="999" ind1=" " ind2=" ">
    <subfield code="c">12566</subfield>
    <subfield code="d">12566</subfield>
  </datafield>
  <datafield tag="952" ind1=" " ind2=" ">
    <subfield code="0">0</subfield>
    <subfield code="1">0</subfield>
    <subfield code="2">ddc</subfield>
    <subfield code="4">0</subfield>
    <subfield code="7">0</subfield>
    <subfield code="8">BTECHCSE</subfield>
    <subfield code="a">PIET</subfield>
    <subfield code="b">PIET</subfield>
    <subfield code="d">2024-03-27</subfield>
    <subfield code="e">Zafaa Books &amp; Distributors</subfield>
    <subfield code="f">In Rupees</subfield>
    <subfield code="g">549.00</subfield>
    <subfield code="k">ZBD0468</subfield>
    <subfield code="l">0</subfield>
    <subfield code="o">005.133 LAF</subfield>
    <subfield code="p">36821</subfield>
    <subfield code="r">2024-04-27 00:00:00</subfield>
    <subfield code="v">395.28</subfield>
    <subfield code="w">2024-03-27</subfield>
    <subfield code="y">REF</subfield>
  </datafield>
  <datafield tag="952" ind1=" " ind2=" ">
    <subfield code="0">0</subfield>
    <subfield code="1">0</subfield>
    <subfield code="2">ddc</subfield>
    <subfield code="4">0</subfield>
    <subfield code="7">0</subfield>
    <subfield code="8">BTECHCSE</subfield>
    <subfield code="a">PIET</subfield>
    <subfield code="b">PIET</subfield>
    <subfield code="d">2024-03-27</subfield>
    <subfield code="e">Zafaa Books &amp; Distributors</subfield>
    <subfield code="f">In Rupees</subfield>
    <subfield code="g">549.00</subfield>
    <subfield code="k">ZBD0468</subfield>
    <subfield code="l">2</subfield>
    <subfield code="o">005.133 LAF</subfield>
    <subfield code="p">36822</subfield>
    <subfield code="r">2025-05-16 00:00:00</subfield>
    <subfield code="s">2025-04-24</subfield>
    <subfield code="v">395.28</subfield>
    <subfield code="w">2024-03-27</subfield>
    <subfield code="y">BK</subfield>
  </datafield>
  <datafield tag="952" ind1=" " ind2=" ">
    <subfield code="0">0</subfield>
    <subfield code="1">0</subfield>
    <subfield code="2">ddc</subfield>
    <subfield code="4">0</subfield>
    <subfield code="7">0</subfield>
    <subfield code="8">BTECHCSE</subfield>
    <subfield code="a">PIET</subfield>
    <subfield code="b">PIET</subfield>
    <subfield code="d">2024-03-27</subfield>
    <subfield code="e">Zafaa Books &amp; Distributors</subfield>
    <subfield code="f">In Rupees</subfield>
    <subfield code="g">549.00</subfield>
    <subfield code="k">ZBD0468</subfield>
    <subfield code="l">2</subfield>
    <subfield code="o">005.133 LAF</subfield>
    <subfield code="p">36823</subfield>
    <subfield code="r">2025-04-09 00:00:00</subfield>
    <subfield code="s">2025-03-24</subfield>
    <subfield code="v">395.28</subfield>
    <subfield code="w">2024-03-27</subfield>
    <subfield code="y">BK</subfield>
  </datafield>
  <datafield tag="952" ind1=" " ind2=" ">
    <subfield code="0">0</subfield>
    <subfield code="1">0</subfield>
    <subfield code="2">ddc</subfield>
    <subfield code="4">0</subfield>
    <subfield code="7">0</subfield>
    <subfield code="8">BTECHCSE</subfield>
    <subfield code="a">PIET</subfield>
    <subfield code="b">PIET</subfield>
    <subfield code="d">2024-03-27</subfield>
    <subfield code="e">Zafaa Books &amp; Distributors</subfield>
    <subfield code="f">In Rupees</subfield>
    <subfield code="g">549.00</subfield>
    <subfield code="k">ZBD0468</subfield>
    <subfield code="l">2</subfield>
    <subfield code="o">005.133 LAF</subfield>
    <subfield code="p">36824</subfield>
    <subfield code="r">2025-04-15 00:00:00</subfield>
    <subfield code="s">2025-03-31</subfield>
    <subfield code="v">395.28</subfield>
    <subfield code="w">2024-03-27</subfield>
    <subfield code="y">BK</subfield>
  </datafield>
  <datafield tag="952" ind1=" " ind2=" ">
    <subfield code="0">0</subfield>
    <subfield code="1">0</subfield>
    <subfield code="2">ddc</subfield>
    <subfield code="4">0</subfield>
    <subfield code="7">0</subfield>
    <subfield code="8">BTECHCSE</subfield>
    <subfield code="a">PIET</subfield>
    <subfield code="b">PIET</subfield>
    <subfield code="d">2024-03-27</subfield>
    <subfield code="e">Zafaa Books &amp; Distributors</subfield>
    <subfield code="f">In Rupees</subfield>
    <subfield code="g">549.00</subfield>
    <subfield code="k">ZBD0468</subfield>
    <subfield code="l">1</subfield>
    <subfield code="o">005.133 LAF</subfield>
    <subfield code="p">36825</subfield>
    <subfield code="r">2026-04-27 12:06:35</subfield>
    <subfield code="s">2026-04-21</subfield>
    <subfield code="v">395.28</subfield>
    <subfield code="w">2024-03-27</subfield>
    <subfield code="y">BK</subfield>
  </datafield>
</record>
